000 00523nam a2200181Ia 4500
008 090123s9999 xx 000 0 und d
082 _b16183
_a891.463/लागू
100 _aलागू चिंतामणी
245 _aफरार
250 _a1
260 _bमनोरमा प्रकाशन
_c1988
300 _a198
600 _aलागू चिंतामणी
630 _aफरार
700 _aलागू चिंतामणी
730 _aफरार
942 _cBOOK
999 _c54247
_d54247